Edición de las Obras completas de Santiago Ramírez / T. 3. De hominis beatudine Vol. 3

Saved in:  
Bibliographic Details
Main Author: Ramírez, Santiago María 1891-1967 (Author)
Format: Print Book
Language:Spanish
Subito Delivery Service: Order now.
Check availability: HBZ Gateway
WorldCat: WorldCat
Interlibrary Loan:Interlibrary Loan for the Fachinformationsdienste (Specialized Information Services in Germany)
Published: Salamanca Ed. San Esteban 1972
In: Edición de las Obras completas de Santiago Ramírez
Year: 1972

MARC

LEADER 00000cam a22000002cc4500
001 1092030689
003 DE-627
005 20251030212854.0
007 tu
008 901024s1972 xx ||||| 00| ||spa c
035 |a (DE-627)1092030689 
035 |a (DE-576)022030689 
035 |a (DE-599)BSZ022030689 
035 |a (OCoLC)311460066 
040 |a DE-627  |b ger  |c DE-627  |e rakwb 
041 |a spa 
084 |a 1  |2 ssgn 
100 1 |0 (DE-588)122044207  |0 (DE-627)081701594  |0 (DE-576)167088718  |4 aut  |a Ramírez, Santiago María  |d 1891-1967 
109 |a Ramírez, Santiago María 1891-1967  |a Ramírez, Santiago M. 1891-1967  |a Ramírez, Santiago 1891-1967  |a Ramírez, Jacobus Maria 1891-1967  |a Ramírez, J. M. 1891-1967  |a Ramírez Dulanto, Santiago 1891-1967  |a Ramírez, Jacobus M. 1891-1967  |a Ramírez, Santiago O.P. 1891-1967  |a Ramírez, Santiago María O.P. 1891-1967  |a Ramírez, Jacobus M. O.P. 1891-1967 
245 1 0 |a Edición de las Obras completas de Santiago Ramírez  |p T. 3. De hominis beatudine  |n Vol. 3  |c [ed. prep. por Victorino Rodríguez] 
264 1 |a Salamanca  |b Ed. San Esteban  |c 1972 
336 |a Text  |b txt  |2 rdacontent 
337 |a ohne Hilfsmittel zu benutzen  |b n  |2 rdamedia 
338 |a Band  |b nc  |2 rdacarrier 
583 1 |a Archivierung prüfen  |c 20200919  |f DE-640  |z 3  |2 pdager 
583 1 |a Archivierung/Langzeitarchivierung gewährleistet  |f SSG  |x XA-DE-BW  |2 pdager  |5 DE-21 
601 |a Santiago 
601 |a Hominisation 
773 1 8 |a Edición de las Obras completas de Santiago Ramírez  |w (DE-627)1092026584  |w (DE-576)022026584  |g T. 3. De hominis beatudine ; Vol. 3  |q 3,3  |7 nnam 
951 |a MV 
ELC |b 1 
ITA |a 1  |t 1 
LOK |0 000 xxxxxcx a22 zn 4500 
LOK |0 001 2153077974 
LOK |0 003 DE-627 
LOK |0 004 1092030689 
LOK |0 005 20000821000000 
LOK |0 008 000821||||||||||||||||ger||||||| 
LOK |0 040   |a DE-21  |c DE-627  |d DE-21 
LOK |0 852   |a DE-21 
LOK |0 852 1  |c 14 A 4462-3,3  |9 00 
LOK |0 935   |a konv 
LOK |0 939   |a 21-08-00  |b l01 
ORI |a SA-MARC-ixtheoa001.raw